000 00786cam a22002773a 4500
001 718
003 PGUSA
005 20140828082952.0
008 060318s2006||||xxu|||||s|||||000 1 eng d
040 _aPGUSA
_beng
042 _adc
050 4 _aPR
100 1 _aWells, H. G.
_q(Herbert George),
_d1866-1946
245 1 0 _aTono-Bungay
_h[electronic resource] /
_cH. G. Wells
260 _bProject Gutenberg,
_c2006
506 _aPublic domain in the USA.
516 _aElectronic text
653 _aEngland -- Fiction
653 _aScience fiction
653 _aPatent medicines -- Marketing -- Fiction
653 _aSatire
653 _aPharmaceutical industry -- Fiction
830 0 _aProject Gutenberg
_v718
856 4 0 _uhttp://www.gutenberg.org/ebooks/718
942 _cEB
999 _c230069
_d230069